عرض عادي
عرض مارك
- الشارقة (الإمارات العربية المتحدة)
دخول Geographic Name
001 - CONTROL NUMBER
- control field: 30136
003 - CONTROL NUMBER IDENTIFIER
- control field: AE-AdECS
005 - DATE AND TIME OF LATEST TRANSACTION
- control field: 20260604133956.0
008 - FIXED-LENGTH DATA ELEMENTS
- fixed length control field: 260604|| aca||aabn | a|a d
040 ## - CATALOGING SOURCE
- Original cataloging agency: AE-AdECS
- Transcribing agency: AE-AdECS
151 ## - HEADING--GEOGRAPHIC NAME
- Geographic name: الشارقة (الإمارات العربية المتحدة)
- General subdivision: آثار
670 ## - SOURCE DATA FOUND
- Source citation: Work cat.: (AE-AdECS)295243: جاسم، صباح عبود، مؤلف. 30134, مدينة الموتى في جبل البحيص :
